<?xml version="1.0" encoding="UTF-8"?>
<record
    xmlns:xsi="http://www.w3.org/2001/XMLSchema-instance"
    xsi:schemaLocation="http://www.loc.gov/MARC21/slim http://www.loc.gov/standards/marcxml/schema/MARC21slim.xsd"
    xmlns="http://www.loc.gov/MARC21/slim">

  <leader>00873nam a22002297a 4500</leader>
  <controlfield tag="003">OSt</controlfield>
  <controlfield tag="005">20151016140002.0</controlfield>
  <controlfield tag="008">130620s1987    sp ||||| |||| 00| 0 spa d</controlfield>
  <datafield tag="040" ind1=" " ind2=" ">
    <subfield code="c">CDMR</subfield>
  </datafield>
  <datafield tag="100" ind1="1" ind2=" ">
    <subfield code="9">3849</subfield>
    <subfield code="a">Madrid Santos, Francisco</subfield>
  </datafield>
  <datafield tag="245" ind1="1" ind2="0">
    <subfield code="a">Solidaridad Obrera</subfield>
    <subfield code="b">: un s&#xED;mbolo y mito de un peri&#xF3;dico legendario</subfield>
    <subfield code="c">Paco Madrid</subfield>
  </datafield>
  <datafield tag="246" ind1=" " ind2="4">
    <subfield code="a">80 aniversario</subfield>
    <subfield code="b">Solidaridad Obrera 1907-1987</subfield>
  </datafield>
  <datafield tag="260" ind1=" " ind2=" ">
    <subfield code="a">Barcelona</subfield>
    <subfield code="b">Ateneu Enciclop&#xE8;dic Popular</subfield>
    <subfield code="c">1987</subfield>
  </datafield>
  <datafield tag="300" ind1=" " ind2=" ">
    <subfield code="a">60 p.</subfield>
    <subfield code="b">il. b/n</subfield>
    <subfield code="c">21 cm</subfield>
  </datafield>
  <datafield tag="500" ind1=" " ind2=" ">
    <subfield code="a">Cont&#xE9;: Solidaridad Obrera, 1939-1987 / Ferran Aisa</subfield>
  </datafield>
  <datafield tag="610" ind1="2" ind2=" ">
    <subfield code="9">3847</subfield>
    <subfield code="a">Solidaridad Obrera (Barcelona)</subfield>
  </datafield>
  <datafield tag="650" ind1="0" ind2="4">
    <subfield code="9">3575</subfield>
    <subfield code="a">Literatura clandestina</subfield>
  </datafield>
  <datafield tag="610" ind1="2" ind2=" ">
    <subfield code="9">3848</subfield>
    <subfield code="a">Confederaci&#xF3;n Nacional del Trabajo (Espanya)</subfield>
  </datafield>
  <datafield tag="700" ind1="1" ind2=" ">
    <subfield code="9">1311</subfield>
    <subfield code="a">Aisa, Ferran</subfield>
  </datafield>
  <datafield tag="710" ind1="2" ind2=" ">
    <subfield code="9">3850</subfield>
    <subfield code="a">Ateneu Enciclop&#xE8;dic Popular</subfield>
    <subfield code="b"> -- Centre de Documentaci&#xF3; Hist&#xF2;rico-Social</subfield>
  </datafield>
  <datafield tag="942" ind1=" " ind2=" ">
    <subfield code="2">udc</subfield>
    <subfield code="c">FULLET</subfield>
  </datafield>
  <datafield tag="999" ind1=" " ind2=" ">
    <subfield code="c">6504</subfield>
    <subfield code="d">6504</subfield>
  </datafield>
  <datafield tag="952" ind1=" " ind2=" ">
    <subfield code="0">0</subfield>
    <subfield code="1">0</subfield>
    <subfield code="4">0</subfield>
    <subfield code="7">0</subfield>
    <subfield code="a">CDMR</subfield>
    <subfield code="b">CDMR</subfield>
    <subfield code="d">2013-01-16</subfield>
    <subfield code="l">0</subfield>
    <subfield code="o">Dt 13/21</subfield>
    <subfield code="p">CDMR13066753</subfield>
    <subfield code="r">2013-06-20</subfield>
    <subfield code="w">2013-06-20</subfield>
    <subfield code="y">FULLET</subfield>
  </datafield>
</record>
